Glen or Glenda?

Η αληθινή ιστορία ενός άνδρα που ποθούσε τις γυναίκες τόσο πολύ, που ήθελε να ντύνεται σαν αυτές".

Αποθηκεύτηκε σε:
Λεπτομέρειες βιβλιογραφικής εγγραφής
Άλλοι συγγραφείς: Wood, Edward D., Jr. (Edward Davis), 1924-1978 (Σεναριογράφος, Διευθυντής, Ηθοποιός), Lugosi, Bela, 1882-1956 (Ηθοποιός), Fuller, Dolores, 1923-2011 (Ηθοποιός), Talbot, Lyle (Ηθοποιός)
Μορφή: Διαφάνειες
Γλώσσα:English
Greek
Δημοσίευση: Αθήνα : ArtFree, 2004.
Θέματα:
Ετικέτες: Προσθήκη ετικέτας
Δεν υπάρχουν, Καταχωρήστε ετικέτα πρώτοι!

MARC

LEADER 00000cgm a2200000 i 4500
001 1/350
008 090625s2004 gr ||| | || ||eng||
035 |l 10105205 
040 |a GR-MyUa  |b gre  |e AACR2 
041 0 |a eng  |j gre 
082 7 |a 791.437   |2 (22) 
245 1 0 |a Glen or Glenda?   |h [μαγνητοσκόπηση] /   |c σενάριο-σκηνοθεσία: Έντουαρντ Γουντ Τζούνιορ. 
260 |a Αθήνα :   |b ArtFree,   |c 2004. 
300 |a 1 βιντεοδίσκος (68 λεπτ.) :   |b ομίλ., ασπρόμ. ;   |c 4 3/4 ίν. 
500 |a Κυκλοφόρησε πρώτη φορά ως κινηματογραφική ταινία το 1953. 
508 |a Διεύθυνση φωτογραφίας, Γουίλιαμ Τόμσον ; παραγωγή, Τζορτζ Βάις 
511 0 |a Μπέλα Λουγκόζι, Έντουαρντ Γουντ Τζούνιορ, Ντολόρες Φούλερ, Λάιλ Τάλμποτ 
520 8 |a Η αληθινή ιστορία ενός άνδρα που ποθούσε τις γυναίκες τόσο πολύ, που ήθελε να ντύνεται σαν αυτές". 
521 8 |a Ακατάλληλη κάτω των 18 ετών 
546 |a Στα αγγλικά με υπότιτλους στα ελληνικά. 
650 0 |a Cross-dressers  |v Drama. 
655 7 |a Feature films  |2 lcgft 
700 1 |a Wood, Edward D.,   |c Jr.   |q (Edward Davis),   |d 1924-1978,  |e aus  |e drt  |e act 
700 1 |a Lugosi, Bela,   |d 1882-1956,  |e act 
700 1 |a Fuller, Dolores,   |d 1923-2011,  |e act 
700 1 |a Talbot, Lyle,  |e act 
852 |a INST  |b SYROS  |c AV  |e 20090625  |h 791.437 WOO  |p 005500008300  |q 005500008300  |t DVD  |y 23 
901 |a BIBL5-2008-1 
922 |a 5ΕΛΗ  |b 200810  |c Βιβλιοθήκη Σύρου  |d DVD CLUB ENTER 
970 |a Κοντού  |b Παρασκευή  |z 25/06/2009